00537nam a2200157 a 450000100100000000500170001000800410002704000250006808200160009324500240010926000670013330000390020004900090023995201140024899900170036200002815520200930031409.0110407s1979 dr cd 000 0 spa d aDO-SdBNPbspacBNPHU axxxxbM533a00aMemoria anual 1979. aSanto Domingo :bFinanciera de Desarrollo Industrial,c[1979]. a24 p. :bgráf., retrs. ;c27 cm. aBNPD 0010718PDaPDbPDcCTd2011-04-07iLF1l0oxxxx M533ap28155-10r2020-06-25w2020-06-25yLFPDZNo se presta c27647d27647